| 000 | 00922nam a22002297a 4500 | ||
|---|---|---|---|
| 001 | 14512 | ||
| 003 | BD-JhCC | ||
| 005 | 20260127110712.0 | ||
| 008 | 260127b |||||||| |||| 00| 0 eng d | ||
| 020 | _a9789849448280 | ||
| 035 | _a(BD-JhCC) 14512 | ||
| 040 |
_aBD-JhCC _dBD-JhCC |
||
| 041 | _abangla | ||
| 082 |
_223 _a916.2 _bSUL 2021 |
||
| 100 | _aসুলতানা, ইয়াসমিন | ||
| 245 |
_aবিস্ময়কর মিশর / _cইয়াসমিন সুলতানা |
||
| 246 | _aBissoykor Mishor | ||
| 260 |
_aঢাকাঃ _bরোদেলা, _c২০২১ |
||
| 300 |
_a১৪৪ পৃ.; _bচিত্রাবলী সংযোজিত, _c২২ সেমি. _eপেপার বাইণ্ডিং |
||
| 650 | _aভ্রমণ, স্থানবর্ণনা, ইতিহাস ও সভ্যতার মিশ্রণ - মিশর | ||
| 942 |
_2ddc _cBK |
||
| 999 |
_c14512 _d14512 |
||